The Voice Australia Coaches by Picture Quiz - Statistics

General Stats
  • This quiz has been taken 82 times
    22 since last reset
  • The average score is 17 of 22
Answer Stats
Picture Hint Answer % Correct
6-9 Boy George
93%
1-2,4-9 Delta Goodrem
93%
7 Joe Jonas
93%
6-9 Kelly Rowland
93%
10-12 Rita Ora
93%
3 will.i.am
93%
8-13 Guy Sebastian
86%
1-5 Joel Madden
86%
1,10-11 Keith Urban
86%
2-4 Ricky Martin
86%
1-2,6 Seal
86%
10-12 Jessica Mauboy
79%
4-5 Jessie J
79%
13 Adam Lambert
71%
4-5 Benji Madden
71%
12 Jason Derulo
71%
3 Kylie Minogue
71%
13 LeAnn Rimes
71%
13- Kate Miller-Heidke
64%
5,14- Ronan Keating
64%
14- Melanie C
57%
14- Richard Marx
57%
No matching quizzes found
Score Distribution
Percent of People with Each Score
Percentile by Number Answered
Your Score History
You have not taken this quiz since the last reset